000 00277nam a2200109Ia 4500
008 190914s9999||||xx |||||||||||||| ||und||
100 _aAlan B. Albarran
245 0 _aManagement of Electronic Media
260 _aNew Delhi
_bTata McGraw Hill
_c2003
300 _a856
942 _cBK
999 _c9566
_d9566